[Event "Mar del Plata"]
[Site "Mar del Plata"]
[Date "1982.??.??"]
[Round "?"]
[White "Giardelli, Sergio C"]
[Black "Portisch, Lajos"]
[Result "1/2-1/2"]
[WhiteElo "2460"]
[BlackElo "2630"]

1.c4 c5 2.Nf3 Nf6 3.g3 b6 4.Bg2 Bb7 5.Nc3 e6 6.O-O Be7 7.d4 cxd4 8.Qxd4 d6
9.Rd1 a6 10.e4 Nbd7 11.b3 Qb8 12.Bb2 O-O 13.Nd2 Bc6 14.a4 Rc8 15.Qe3 Ne8
16.Qe2 Bf6 17.Rac1 Nc5 18.Ba1 Ra7 19.h3 Rb7 20.Kh2 h6 21.Na2 Bxa1 22.Rxa1 Rd7
23.Nb4 Bb7 24.a5 bxa5 25.Rxa5 Nf6 26.Nc2  1/2-1/2

[Event "Mar del Plata"]
[Site "Mar del Plata"]
[Date "1982.??.??"]
[Round "?"]
[White "Panno, Oscar"]
[Black "Braga, Fernando"]
[Result "1/2-1/2"]
[WhiteElo "2510"]
[BlackElo "2375"]

1.c4 e6 2.Nc3 d5 3.d4 dxc4 4.e3 Nf6 5.Bxc4 a6 6.a3 b5 7.Ba2 Bb7 8.Nf3 c5
9.O-O Be7 10.Qe2 O-O 11.Rd1 Nbd7 12.dxc5 Bxc5 13.b4 Ba7 14.Bb2 Qe7 15.h3 Rfd8  1/2-1/2

[Event "Mar del Plata"]
[Site "Mar del Plata"]
[Date "1982.??.??"]
[Round "?"]
[White "Najdorf, Miguel"]
[Black "Polugaevsky, Lev"]
[Result "1/2-1/2"]
[WhiteElo "2515"]
[BlackElo "2625"]

1.Nf3 Nf6 2.c4 e6 3.g3 d5 4.Bg2 dxc4 5.Qa4+ Nbd7 6.O-O c5 7.Qxc4 b6 8.b3 Bb7
9.Bb2 Be7 10.Qc2 O-O 11.Na3 Nd5 12.Nc4 b5 13.Nce5 N7b6 14.Rac1 Rc8 15.Qb1 Rc7
16.h4 f6 17.Ng4 e5 18.h5 Bc8 19.Nfh2 c4 20.a4 cxb3 21.axb5 Be6 22.h6 g6 23.Qa1 Nb4
24.Rxc7 Qxc7 25.Ne3 Qd7 26.d4 exd4 27.Bxd4 Nc8 28.Bf3 Qxb5 29.Nhg4 Qg5 30.Rc1 a5
31.Rc7 Nc2 32.Nxc2 Bxg4  1/2-1/2

[Event "Mar del Plata"]
[Site "Mar del Plata"]
[Date "1982.??.??"]
[Round "?"]
[White "Najdorf, Miguel"]
[Black "Franco Ocampo, Zenon"]
[Result "1-0"]
[WhiteElo "2515"]
[BlackElo "2505"]

1.d4 Nf6 2.c4 e6 3.Nf3 b6 4.g3 Ba6 5.Nbd2 Bb7 6.Bg2 Be7 7.O-O O-O 8.b3 d5
9.cxd5 exd5 10.Ne5 Nbd7 11.Bb2 c5 12.dxc5 Nxc5 13.Ndf3 Bd6 14.Rc1 a5 15.Qd4 Nce4
16.Ng4 Re8 17.e3 Ba6 18.Nxf6+ Nxf6 19.Rfd1 Bb7 20.Qh4 Be7 21.Qf4 Rc8 22.Nd4 Rxc1
23.Rxc1 Bd6 24.Qh4 Ne4 25.Qxd8 Rxd8 26.Nf5 Bf8 27.Rc7 Ba8 28.Bd4 Nd6 29.Ne7+ Bxe7
30.Rxe7 Kf8 31.Ra7 Rc8 32.Bxb6 Rc1+ 33.Bf1 Bc6 34.Rc7 Ne4 35.Bxa5 g6 36.f3 Ng5
37.Kf2 d4 38.exd4 Rc2+ 39.Ke3  1-0

[Event "Mar del Plata"]
[Site "Mar del Plata"]
[Date "1982.??.??"]
[Round "?"]
[White "Larsen, Bent"]
[Black "Quinteros, Miguel A"]
[Result "0-1"]
[WhiteElo "2555"]
[BlackElo "2505"]

1.c4 Nf6 2.Nc3 c5 3.g3 e6 4.Nf3 b6 5.Bg2 Bb7 6.O-O Be7 7.Re1 O-O 8.e4 d6
9.d4 cxd4 10.Nxd4 Qc7 11.b3 a6 12.Bb2 Nbd7 13.f4 Rfe8 14.f5 e5 15.Nc2 b5
16.Ne3 b4 17.Ncd5 Nxd5 18.Nxd5 Bxd5 19.cxd5 Bg5 20.h4 Bh6 21.Bf1 Rec8 22.Bc4 a5
23.Kg2 a4 24.Re2 Ra5 25.Qe1 Qb6 26.Kf3 Rac5 27.Bc1 Bxc1 28.Rxc1 axb3 29.axb3 Ra5
30.g4 Rca8 31.g5 Nc5 32.h5 Ra3 33.Re3 Ra2 34.Qg3 Rb2 35.f6 Raa2 36.Be2 Rc2
37.g6 fxg6 38.hxg6 h6 39.f7+ Kf8 40.Rxc2 Rxc2 41.Qg4 Qd8 42.Kg3 Rc3 43.Rxc3 bxc3
44.Bd1 Nd3 45.Qf3 Qg5+ 46.Kh2 Qd2+ 47.Kg3 c2 48.Bxc2 Qxc2 49.b4 Nf4  0-1

[Event "Mar del Plata"]
[Site "Mar del Plata"]
[Date "1982.??.??"]
[Round "?"]
[White "Larsen, Bent"]
[Black "Panno, Oscar"]
[Result "1/2-1/2"]
[WhiteElo "2555"]
[BlackElo "2510"]

1.d4 d5 2.Nf3 Nf6 3.c4 dxc4 4.e3 e6 5.Bxc4 c5 6.O-O Nc6 7.a3 cxd4 8.exd4 Be7
9.Nc3 O-O 10.Qd3 a6 11.Ba2 b5 12.Bg5 Bb7 13.Rad1 Rc8 14.Rfe1 Na5 15.Ne5 Bd5
16.Bxf6 Bxf6 17.Bxd5 exd5 18.Ng4 Rc6 19.Qf3 Rd6 20.Nxf6+ Qxf6 21.Qxf6 gxf6
22.Re2 Rc8 23.Kf1 Kf8 24.Rd3 Rc4 25.Ree3 b4 26.Na2 Nc6 27.b3 Rxd4 28.Nxb4 Rxd3
29.Nxd3 Nd4 30.Ne1 Rb6 31.b4 Rc6 32.Rd3 Rc4 33.g3 Ke7 34.Nf3 Nxf3 35.Rxf3 Rc2
36.Rb3 Ra2 37.Kg2 Kd6 38.Kf3 Ke5 39.Re3+ Kd6 40.Rd3 Ke5 41.Ke3 d4+ 42.Rxd4 Rxa3+
43.Rd3 Ra4 44.Rd7 Ke6 45.Rd4 a5 46.bxa5 Rxa5 47.Rh4 h5 48.Kf3 Ke7 49.Rf4 Rb5
50.Kg2 Ra5 51.Kh3 Rb5 52.Kh4 Ra5 53.f3 Rb5 54.h3 Ra5 55.g4 hxg4 56.fxg4 Ra3
57.Rf2  1/2-1/2

[Event "Mar del Plata"]
[Site "Mar del Plata"]
[Date "1982.??.??"]
[Round "?"]
[White "Karpov, Anatoly"]
[Black "Timman, Jan H"]
[Result "0-1"]
[WhiteElo "2720"]
[BlackElo "2605"]

1.e4 c5 2.Nf3 e6 3.d4 cxd4 4.Nxd4 Nf6 5.Nc3 d6 6.g4 h6 7.Rg1 Be7 8.Be3 Nc6
9.Be2 a6 10.Qd2 Nxd4 11.Qxd4 e5 12.Qd2 Be6 13.Bf3 Nd7 14.Nd5 Bg5 15.O-O-O Rc8
16.Kb1 Bxd5 17.exd5 Nc5 18.Rh1 Qf6 19.Bg2 Bxe3 20.fxe3 Qh4 21.Bf3 O-O 22.Qe1 Qd8
23.e4 Qb6 24.Qe3 Qb5 25.h4 Na4 26.Qb3 Rc5 27.Rh3 Rfc8 28.c3 R8c7 29.Ka1 Qd7
30.Be2 b5 31.a3 a5 32.Kb1 Rb7 33.Rg3 g6 34.g5 h5 35.Bf1 Rcc7 36.Qc2 b4 37.axb4 axb4
38.c4 b3 39.Qg2 Rb4 40.Qh3 Qxh3 41.Rxh3 Nc5 42.Kc1 Nxe4 43.Re3 Nc5 44.Kd2 Na4
45.Rc1 Nxb2 46.c5 Rd4+ 47.Ke2 Rxc5 48.Rxc5 dxc5 49.Rxb3 Nc4 50.Rc3 Rxh4 51.Ke1 Re4+  0-1

[Event "Mar del Plata"]
[Site "Mar del Plata"]
[Date "1982.??.??"]
[Round "?"]
[White "Karpov, Anatoly"]
[Black "Quinteros, Miguel A"]
[Result "1/2-1/2"]
[WhiteElo "2720"]
[BlackElo "2505"]

1.e4 c5 2.Ne2 Nf6 3.Nbc3 d5 4.exd5 Nxd5 5.Nxd5 Qxd5 6.Nc3 Qe5+ 7.Be2 Bg4
8.O-O Bxe2 9.Nxe2 Nc6 10.Re1 Rd8 11.d3 Qc7 12.Bg5 g6 13.Nc3 Bg7 14.Qf3 f6
15.Be3 b6 16.Qe4 O-O 17.Qc4+ Rf7 18.a4 e5 19.Nb5 Qd7 20.Rad1 h6 21.f3 f5
22.Bf2 Kh7 23.c3 Qd5 24.Qxd5 Rxd5 25.Kf1 Rd8 26.Na3 Rfd7 27.Ke2 g5 28.Nc4 Kg6
29.g4 f4 30.h4 Ne7 31.Rh1 Nc8 32.a5 Bf6 33.hxg5 hxg5 34.Na3 Rd5 35.Nb5 R5d7
36.c4 e4 37.dxe4 Rxd1 38.Rxd1 Rxd1 39.Kxd1 Bxb2 40.Kc2 Be5 41.Be1 Kf6 42.axb6 axb6
43.Nc3 Bxc3 44.Bxc3+ Ke6 45.Bg7 Ne7 46.Kd3 Ng6 47.Ke2 Kf7  1/2-1/2

[Event "Mar del Plata"]
[Site "Mar del Plata"]
[Date "1982.??.??"]
[Round "?"]
[White "Karpov, Anatoly"]
[Black "Najdorf, Miguel"]
[Result "1-0"]
[WhiteElo "2720"]
[BlackElo "2515"]

1.d4 Nf6 2.c4 e6 3.Nf3 b6 4.Nc3 Bb7 5.a3 d5 6.cxd5 Nxd5 7.e3 Be7 8.Bb5+ c6
9.Bd3 c5 10.Nxd5 Bxd5 11.dxc5 bxc5 12.O-O O-O 13.Qc2 h6 14.Bd2 Nd7 15.Bc3 Rb8
16.e4 Bc6 17.Rac1 Qc7 18.Rfe1 Rfc8 19.Ba6 Rd8 20.Bf1 a5 21.a4 Ra8 22.b3 Nb8
23.Qb2 Bf8 24.Ne5 Be8 25.Re3 f6 26.Nc4 Nc6 27.e5 f5 28.Nd6 Bxd6 29.exd6 Rxd6
30.Bc4 Kh7 31.Rxe6 Rad8 32.Rxd6 Rxd6 33.Bf1 Qb7 34.Qe2 Bf7 35.Qf3 Qd7 36.Ba1 Nd4
37.Bxd4 Rxd4 38.Qc3 Rb4 39.Bb5 Qd4 40.Qc2 Rxb3 41.Qxf5+ Bg6 42.Qe6 Rb2 43.Qe1 Rc2
44.Rd1 Qf4 45.Bc6 c4 46.g3 Qf5 47.Rd6 Kh8 48.Bd5 Qg5 49.f4 Qh5 50.Rd8+ Kh7
51.Bg8+ Kh8 52.Bf7+ Kh7 53.Rh8+  1-0

[Event "Mar del Plata"]
[Site "Mar del Plata"]
[Date "1982.??.??"]
[Round "?"]
[White "Giardelli, Sergio C"]
[Black "Polugaevsky, Lev"]
[Result "1/2-1/2"]
[WhiteElo "2460"]
[BlackElo "2625"]

1.c4 Nf6 2.Nf3 c6 3.g3 d5 4.Bg2 Bf5 5.b3 e6 6.O-O h6 7.Bb2 Nbd7 8.d4 Be7
9.Nc3 O-O 10.Nd2 Qb6 11.e4 dxe4 12.Ndxe4 Nxe4 13.Bxe4 Bxe4 14.Nxe4 Nf6 15.Nd2 Rfd8
16.Qc2 Nh7 17.Rad1 Rac8 18.Kg2 Nf6 19.h3 Qc7 20.f4 c5 21.Nf3 cxd4 22.Nxd4 b5
23.Rc1 bxc4 24.bxc4 Nd7 25.Kh2 Nb6 26.Qe2 Nxc4 27.Rc2 Qb7 28.Ba1 Nb6 29.Rxc8 Qxc8
30.f5 e5 31.Qxe5 Bf6 32.Qf4 Qc4 33.Nb3 Qxf4 34.gxf4 Bxa1 35.Rxa1 f6 36.Rc1 Rd5
37.Rc7 Rxf5 38.Kg3 Rxf4 39.Rxa7 Rc4 40.Nd2 Rc3+ 41.Nf3 h5 42.Kg2 g5 43.Ra6 Nd5
44.Rd6 Rc5 45.Nd4 Nc3 46.Kf3 Kf7 47.Ra6 Re5 48.a3 Nb5 49.Nc2 Rc5 50.Ne3 Nd4+
51.Ke4 Ne6 52.a4 Re5+ 53.Kf3 Nd4+ 54.Kf2 Nf5 55.Nc4 Rc5 56.Nd2 Rc2 57.Ke1 Ng3
58.a5 Ra2 59.Ra8 g4 60.hxg4 hxg4 61.a6 Nf5 62.a7 g3 63.Nf3 Kg7 64.Kf1 Ne3+
65.Ke1 Nf5 66.Kf1 Ne3+ 67.Ke1 Ng2+ 68.Kf1 Nf4 69.Ke1 g2 70.Ng1 Nd3+ 71.Kd1 Ne5
72.Ke1 f5 73.Rd8 Rxa7 74.Kf2 Ra2+ 75.Kg3 Ng6 76.Re8 Kf6 77.Re1 f4+ 78.Kh3 Kf5
79.Nf3 Rf2 80.Nd4+ Kf6 81.Rg1 Nh4 82.Kxh4 Ke5 83.Nf3+ Rxf3 84.Rxg2 Ke4 85.Kg4 Re3
86.Ra2 Rg3+ 87.Kh4 Rd3 88.Kg4 Rg3+  1/2-1/2

[Event "Mar del Plata"]
[Site "Mar del Plata"]
[Date "1982.??.??"]
[Round "?"]
[White "Giardelli, Sergio C"]
[Black "Najdorf, Miguel"]
[Result "1/2-1/2"]
[WhiteElo "2460"]
[BlackElo "2515"]

1.c4 Nf6 2.Nf3 c6 3.g3 d5 4.Bg2 Bg4 5.Ne5 Bf5 6.cxd5 cxd5 7.d3 Nbd7 8.Qa4 a6
9.Nxd7 Bxd7 10.Qb3 Bc6 11.O-O e6 12.Be3 Bd6 13.Nd2 O-O 14.Rfc1 Qe7 15.Nf3 h6
16.Nd4  1/2-1/2

[Event "Mar del Plata"]
[Site "Mar del Plata"]
[Date "1982.??.??"]
[Round "?"]
[White "Giardelli, Sergio C"]
[Black "Braga, Fernando"]
[Result "1/2-1/2"]
[WhiteElo "2460"]
[BlackElo "2375"]

1.c4 e6 2.Nf3 Nf6 3.g3 d5 4.b3 Be7 5.Bg2 O-O 6.O-O c5 7.Bb2 Nc6 8.e3 dxc4
9.bxc4 Qb6 10.Qb3 Na5 11.Qxb6 axb6 12.Na3 Rd8 13.Rfc1 Nc6  1/2-1/2

[Event "Mar del Plata"]
[Site "Mar del Plata"]
[Date "1982.??.??"]
[Round "?"]
[White "Garcia Palermo, Carlos"]
[Black "Timman, Jan H"]
[Result "0-1"]
[WhiteElo "2470"]
[BlackElo "2605"]

1.d4 Nf6 2.c4 e6 3.Nf3 b6 4.Nc3 Bb4 5.Qb3 c5 6.a3 Ba5 7.dxc5 bxc5 8.Be3 Ne4
9.g3 Nc6 10.Bg2 Rb8 11.Qc2 Rxb2 12.Qxe4 Bxc3+ 13.Kf1 Qa5 14.Rd1 Bf6 15.Ne1 Qa4
16.Rc1 Bd4 17.Bxd4 Nxd4 18.e3 Nb3 19.Qe5 Ra2 20.Qxg7 Rf8  0-1

[Event "Mar del Plata"]
[Site "Mar del Plata"]
[Date "1982.??.??"]
[Round "?"]
[White "Garcia Palermo, Carlos"]
[Black "Quinteros, Miguel A"]
[Result "1/2-1/2"]
[WhiteElo "2470"]
[BlackElo "2505"]

1.d4 Nf6 2.Nf3 c5 3.d5 e6 4.Nc3 d6 5.e4 exd5 6.Nxd5 Nxd5 7.Qxd5 Nc6 8.Bg5 Qb6
9.O-O-O Be6 10.Qd2 h6 11.Bf4 g5 12.Qc3 Rg8 13.Bg3 O-O-O 14.Bc4 Bg7 15.Bxe6+ fxe6
16.Qb3 Qxb3 17.axb3 Kc7 18.h3 Ne7 19.Rd2 Ng6 20.Rhd1 Nf4 21.h4 Bf6 22.hxg5 hxg5
23.Nh2 Bg7 24.Ng4 Kc6 25.f3 b5 26.c3 a5 27.Kc2 Rd7 28.Bh2 d5 29.Bg1 Rgd8
30.Be3 d4 31.cxd4 cxd4 32.Bxf4 gxf4 33.Kd3 Kb6 34.Rc2 Rc7 35.Rxc7 Kxc7 36.Rh1 Kc6
37.Rh7 Rd7 38.Rh5 a4 39.bxa4 bxa4 40.Re5 Rb7 41.Rxe6+ Kc5 42.Ne5 Rxb2 43.Nd7+ Kb4
44.e5 Rxg2 45.Rb6+ Ka3 46.Rb1 Rf2 47.e6 Rxf3+ 48.Kd2 Rf2+ 49.Ke1 Rf3 50.Kd2  1/2-1/2

[Event "Mar del Plata"]
[Site "Mar del Plata"]
[Date "1982.??.??"]
[Round "?"]
[White "Garcia Palermo, Carlos"]
[Black "Najdorf, Miguel"]
[Result "1/2-1/2"]
[WhiteElo "2470"]
[BlackElo "2515"]

1.d4 d5 2.c4 dxc4 3.Nf3 Nf6 4.e3 e6 5.Bxc4 c5 6.O-O a6 7.Qe2 b5 8.Bb3 Bb7
9.Rd1 Nbd7 10.Nc3 Qb8 11.d5 e5 12.Ng5 c4 13.Bc2 Nc5 14.a4 h6 15.Nge4 Ncxe4
16.Nxe4 Nxd5 17.b3 Be7 18.bxc4 bxc4 19.Qxc4 Qc8 20.Qe2 O-O 21.Ba3 Nb4 22.Bxb4 Bxb4
23.Rab1 a5 24.Ng3 Ba6 25.Bd3 Bxd3 26.Qxd3 Qc6 27.Qe4 Qxe4 28.Nxe4 Rac8 29.Rd5 f5
30.Ng3 f4 31.Ne4 fxe3 32.fxe3 Rc2 33.h4 Rfc8 34.h5 Ra2 35.Rf1 Rxa4 36.Rf5 Ra1+
37.Kh2 a4 38.Rb5 Bf8 39.Rfxe5 Ra8 40.Ra5 Rxa5 41.Rxa5 a3 42.Kg3 Rf1 43.Ra7 Rf5
44.Nd2 Re5 45.Ra8 Rxe3+ 46.Kf4 Re1 47.Nf3 Rf1 48.Kg4 Kf7 49.Ra6 Bc5 50.Ra5 Ke7
51.Nd2 Rc1 52.Ra4 Rd1 53.Nb3 Bd6 54.Nd4 Kd7 55.Nc2 Rd3 56.Kf5 Rc3 57.Nd4 Rd3
58.Kg6 Rg3+ 59.Kf7 Rxg2 60.Ra7+ Kd8 61.Nb5 Bc5 62.Ra8+ Kd7 63.Nxa3 Bd4 64.Ra4 Rf2+
65.Kg6 Bf6 66.Rg4 Ke6 67.Nb5 Rd2 68.Nc7+ Kd7 69.Nb5 Rd5 70.Na3 Ke6 71.Nc4 Rd3
72.Rg2 Kd5 73.Nd2 Ke6 74.Re2+ Kd5 75.Nf1 Bd4 76.Re8 Rf3 77.Rd8+ Ke5 78.Nd2 Rg3+
79.Kf7 Ba1 80.Nc4+ Kf5 81.Rd1 Bf6 82.Nd6+  1/2-1/2

[Event "Mar del Plata"]
[Site "Mar del Plata"]
[Date "1982.??.??"]
[Round "?"]
[White "Garcia Palermo, Carlos"]
[Black "Larsen, Bent"]
[Result "1-0"]
[WhiteElo "2470"]
[BlackElo "2555"]

1.d4 Nf6 2.Nf3 e6 3.e3 b6 4.Bd3 Bb7 5.Nbd2 c5 6.O-O Be7 7.b3 cxd4 8.exd4 Nc6
9.Re1 O-O 10.Bb2 Rc8 11.a3 Re8 12.Rc1 Bf8 13.c4 Ne7 14.b4 Ng6 15.Bf1 Rc7
16.Qb3 d6 17.Rcd1 Qa8 18.Ng5 h6 19.Nh3 d5 20.c5 bxc5 21.dxc5 e5 22.f4 e4
23.Qg3 Rc6 24.Bb5 Bc8 25.Bxf6 Rxf6 26.Bxe8 Bxh3 27.Bxf7+ Kxf7 28.Qxh3 Nxf4
29.Qb3 Kg6 30.Nf1 Qb7 31.Kh1 Kh7 32.Ne3 d4 33.Rxd4 Bxc5 34.Rd8 Ne6 35.Rdd1 Rg6
36.Qd5  1-0

[Event "Mar del Plata"]
[Site "Mar del Plata"]
[Date "1982.??.??"]
[Round "?"]
[White "Garcia Palermo, Carlos"]
[Black "Franco Ocampo, Zenon"]
[Result "1-0"]
[WhiteElo "2470"]
[BlackElo "2505"]

1.d4 Nf6 2.c4 e6 3.Nf3 b6 4.Nc3 Bb4 5.Qb3 a5 6.e3 Bb7 7.Be2 Ne4 8.O-O Bxc3
9.bxc3 d6 10.Ne1 a4 11.Qc2 f5 12.f3 Nf6 13.Nd3 Qe7 14.Rb1 O-O 15.c5 Nbd7
16.cxb6 cxb6 17.Ba3 Nd5 18.Qd2 Rac8 19.Rfc1 Ba6 20.e4 fxe4 21.fxe4 Bxd3 22.Bxd3 Nf4
23.Bf1 Qg5 24.Qe3 Nf6 25.Bxd6 Ng4 26.Qg3 Nh5 27.Qe1 Rf6 28.h3 Ne3 29.Rb5 e5
30.Rxe5 Qh6 31.Rxh5 Qxh5 32.Qxe3 Rxd6 33.e5 Re6 34.Be2 Qh6 35.Qxh6 Rxh6 36.Bb5 a3
37.Bd7 Rc7 38.e6 Kf8 39.d5 Ke7 40.Rd1 Kd6 41.Rb1 Ke7 42.c4 Rxc4 43.Rd1 Re4
44.d6+ Kd8 45.Rb1 Rhxe6 46.Bxe6 Rxe6 47.Rxb6 Re2 48.Rb8+ Kd7 49.Rb7+ Kxd6
50.Rxg7 Rxa2 51.Rxh7 Rb2 52.Ra7 a2 53.Kh2 Ke6 54.h4 Kf6 55.Kh3 Kg6 56.Ra6+ Kh7
57.h5 Rc2 58.g4 Rb2 59.Kh4 Kg7 60.h6+ Kf7 61.Kh5 Rc2 62.Ra7+ Kf6 63.g5+ Kf5
64.Ra5+ Kf4 65.h7  1-0

[Event "Mar del Plata"]
[Site "Mar del Plata"]
[Date "1982.??.??"]
[Round "?"]
[White "Franco Ocampo, Zenon"]
[Black "Braga, Fernando"]
[Result "1-0"]
[WhiteElo "2505"]
[BlackElo "2375"]

1.c4 e6 2.Nc3 d5 3.d4 Nf6 4.Nf3 dxc4 5.e3 c5 6.Bxc4 a6 7.O-O Nc6 8.Qe2 Be7
9.dxc5 Bxc5 10.e4 Qc7 11.e5 Nd7 12.Bf4 Nd4 13.Nxd4 Bxd4 14.Rfd1 Bxc3 15.bxc3 b5
16.Bb3 Bb7 17.c4 b4 18.Ba4 Bc6 19.Bxc6 Qxc6 20.Rd6 Qb7 21.Rad1 O-O-O 22.Qd2 Qc7
23.Qxb4 Nb8 24.Rb1 h6 25.Rb6 Nd7 26.Rxa6 Nc5 27.Rb6 Nd3 28.Qb5  1-0

[Event "Mar del Plata"]
[Site "Mar del Plata"]
[Date "1982.??.??"]
[Round "?"]
[White "Braga, Fernando"]
[Black "Timman, Jan H"]
[Result "1/2-1/2"]
[WhiteElo "2375"]
[BlackElo "2605"]

1.e4 c6 2.d4 d5 3.e5 Bf5 4.Nc3 e6 5.g4 Bg6 6.Nge2 c5 7.Be3 Nc6 8.dxc5 Nxe5
9.Nd4 Nf6 10.f4 Nexg4 11.Bb5+ Ke7 12.Bg1 Qc7 13.c6 b6 14.Qe2 Qxf4 15.c7 Ne4
16.Nc6+ Kd6 17.h3 Qg3+ 18.Kf1 Qf4+ 19.Ke1 Qg3+ 20.Kf1 Qxc3 21.Qxg4 Qxb2 22.a4 Qxa1+
23.Kg2 f5 24.Qh4 Qf6 25.Bh2+ Kc5 26.Nb8 Qxh4 27.c8=Q+ Kb4 28.Rb1+ Ka3 29.Ra1+ Kb4
30.Rb1+ Ka3 31.Ra1+ Kb4  1/2-1/2

[Event "Mar del Plata"]
[Site "Mar del Plata"]
[Date "1982.??.??"]
[Round "?"]
[White "Braga, Fernando"]
[Black "Portisch, Lajos"]
[Result "0-1"]
[WhiteElo "2375"]
[BlackElo "2630"]

1.e4 c5 2.c3 d5 3.exd5 Qxd5 4.d4 e6 5.Nf3 Nf6 6.Bd3 Be7 7.O-O O-O 8.Qe2 cxd4
9.cxd4 Nc6 10.Rd1 Nb4 11.Nc3 Qd8 12.Bc4 b6 13.Ne5 Bb7 14.a3 Nbd5 15.Ne4 Nxe4
16.Qxe4 Rc8 17.Bd3 f5 18.Qe1 Kh8 19.Bd2 Nf6 20.Bb4 Nd5 21.Bd2 Bg5 22.Bxg5 Qxg5
23.Nf3 Qh6 24.Rac1 Rxc1 25.Rxc1 Nf4 26.Bf1 Bxf3 27.gxf3 Qg5+ 28.Kh1 h6 29.Qb4 Rd8
30.Qd2 e5 31.d5 Rxd5 32.Rc8+ Kh7 33.Qc2 b5 34.Rf8 Rd3 35.Qc8 Qg2+  0-1

[Event "Mar del Plata"]
[Site "Mar del Plata"]
[Date "1982.??.??"]
[Round "?"]
[White "Braga, Fernando"]
[Black "Karpov, Anatoly"]
[Result "0-1"]
[WhiteElo "2375"]
[BlackElo "2720"]

1.e4 c5 2.c3 d5 3.exd5 Qxd5 4.d4 e6 5.Nf3 Nf6 6.Bd3 Be7 7.O-O O-O 8.Qe2 cxd4
9.cxd4 Nc6 10.Rd1 Nb4 11.Nc3 Qd8 12.Bb1 b6 13.Ne5 Bb7 14.a3 Nbd5 15.Ne4 Ne8
16.Qc2 g6 17.Bh6 Ng7 18.Nc6 Bxc6 19.Qxc6 Qc8 20.Qb5 Rd8 21.Ng3 Qb7 22.Qe2 Bh4
23.Be4 Qe7 24.Bxg7 Kxg7 25.Nf1 Bg5 26.Ne3 Nxe3 27.fxe3 Rac8 28.Bd3 Rc7 29.Bb5 e5
30.dxe5 Rxd1+ 31.Rxd1 Rc5 32.e4 Rxe5 33.Bd3 h5 34.Qf3 h4 35.Rf1 Bf6 36.b3 b5
37.Kh1 Rc5 38.Qe2 Re5 39.Qf3 a5 40.a4 bxa4 41.bxa4 Rc5 42.Bb5 Rc3 43.Qf4 h3
44.Rf3 hxg2+ 45.Kxg2 Be5 46.Qg4 Rc2+ 47.Rf2 Rxf2+ 48.Kxf2 Bxh2 49.Kg2 Be5
50.Bc6 Qc5 51.Bb5 Bd4 52.Qf4 Qc2+ 53.Kh3 Bf6 54.Kg3 Qb2 55.Kf3 Bd4 56.Qg3 Qd2
57.Kg4 Qd1+ 58.Qf3 Qg1+ 59.Qg3 Qh1 60.Qf3 Qh2 61.Bc4 Bf6 62.Qd3 Qg2+ 63.Kf4 Qf2+
64.Kg4 Be5 65.Qf3 Qg1+  0-1

[Event "Mar del Plata"]
[Site "Mar del Plata"]
[Date "1982.??.??"]
[Round "?"]
[White "Braga, Fernando"]
[Black "Garcia Palermo, Carlos"]
[Result "1/2-1/2"]
[WhiteElo "2375"]
[BlackElo "2470"]

1.e4 c6 2.d4 d5 3.e5 Bf5 4.Nc3 e6 5.g4 Bg6 6.Nge2 f6 7.Nf4 Bf7 8.exf6 gxf6
9.Qe2 Qe7 10.Nd3 Nd7 11.g5 fxg5 12.Rg1 h6 13.f4 Ngf6 14.fxg5 hxg5 15.Bxg5 Bh6
16.h4 O-O-O 17.Qe3 Rdg8 18.O-O-O Bxg5 19.hxg5 Nh7 20.g6 Bxg6 21.Bh3 Bxd3
22.Rxg8+ Rxg8 23.Qxe6 Qg5+ 24.Rd2 Nf6 25.cxd3 Qh6 26.Kc2 Rg3 27.Bf5 Rf3 28.Rg2 Kc7
29.Ne2  1/2-1/2

[Event "Mar del Plata"]
[Site "Mar del Plata"]
[Date "1982.??.??"]
[Round "?"]
[White "Timman, Jan H"]
[Black "Quinteros, Miguel A"]
[Result "1-0"]
[WhiteElo "2605"]
[BlackElo "2505"]

1.e4 c5 2.Nf3 Qc7 3.c3 Nf6 4.e5 Nd5 5.d4 cxd4 6.cxd4 d6 7.Bd3 dxe5 8.Nxe5 e6
9.O-O Nc6 10.Nxc6 bxc6 11.Nd2 c5 12.Nf3 Bd6 13.dxc5 Qxc5 14.Qa4+ Bd7 15.Qg4 g6
16.Bh6 Bf8 17.Bxf8 Kxf8 18.Rac1 Qb6 19.Ne5 Be8 20.Nc4 Qd8 21.Be4 Qf6 22.Bxd5 exd5
23.Ne3 Qxb2 24.Nxd5 Kg7 25.Rc3  1-0

[Event "Mar del Plata"]
[Site "Mar del Plata"]
[Date "1982.??.??"]
[Round "?"]
[White "Timman, Jan H"]
[Black "Najdorf, Miguel"]
[Result "1-0"]
[WhiteElo "2605"]
[BlackElo "2515"]

1.e4 e5 2.Nf3 Nc6 3.Bb5 a6 4.Ba4 Nf6 5.O-O Be7 6.Bxc6 dxc6 7.d3 Nd7 8.Nbd2 O-O
9.Nc4 Bf6 10.b4 Re8 11.Bb2 b6 12.Bc3 g6 13.Nfd2 c5 14.a3 cxb4 15.axb4 Nb8
16.f4 exf4 17.Bxf6 Qxf6 18.e5 Qc6 19.Ne4 Nd7 20.Rxf4 Bb7 21.Qd2 b5 22.Ne3 Qb6
23.d4 Bxe4 24.Rxe4 Rad8 25.Qf2 Nf6 26.Rf4 Nh5 27.Rxf7 Qxd4 28.Rf1 Qxe5 29.Ng4 Qg5
30.h3 c6 31.Qf3 Qd2 32.c3 Qg5 33.Qxc6 Rf8 34.Qe6 Rxf7 35.Qxf7+ Kh8 36.Qc7 Qd2  1-0

[Event "Mar del Plata"]
[Site "Mar del Plata"]
[Date "1982.??.??"]
[Round "?"]
[White "Timman, Jan H"]
[Black "Larsen, Bent"]
[Result "0-1"]
[WhiteElo "2605"]
[BlackElo "2555"]

1.d4 Nf6 2.c4 d6 3.Nc3 e5 4.Nf3 Nbd7 5.g3 c6 6.Bg2 Be7 7.O-O O-O 8.Qc2 Rb8
9.Rd1 Qc7 10.b3 Re8 11.Bb2 Bf8 12.Ng5 a6 13.Rac1 h6 14.Nge4 Nxe4 15.Nxe4 f5
16.Nc3 Nf6 17.dxe5 dxe5 18.Na4 b6 19.Bh3 f4 20.Bg2 fxg3 21.hxg3 Be6 22.c5 b5
23.Nc3 Kh8 24.e3 Rbc8 25.Ne2 Qf7 26.Qd2 Bd5 27.f3 Nd7 28.e4 Be6 29.Qe3 a5
30.Rc2 Rcd8 31.Rf1 Bxc5 32.Rxc5 Nxc5 33.Bxe5 Nd3 34.Ba1 Kg8 35.Nd4 Nb4 36.a3 Rxd4
37.Qxd4 Nc2 38.Qc3 Bxb3 39.Bb2 b4 40.axb4 axb4 41.Qxc6 Ne3 42.Rf2 Rd8 43.Qc5 Nd1
44.Re2 Bc4 45.Rc2 Nxb2 46.Rxb2 b3 47.f4 Kh8 48.Kh2 Rd3 49.Qc8+ Kh7 50.Bh3 Rd1
51.e5 Bd5 52.Bg2 Bxg2 53.Kxg2 Qd5+ 54.Kh3 Rh1+ 55.Kg4 Qd1+ 56.Kf5 Qd3+ 57.Ke6 Ra1
58.Qb7 Ra3 59.Rh2 Ra6+ 60.Ke7 Qc4 61.g4 Qe6+ 62.Kd8 Ra4 63.Rd2 Rxf4 64.Qd5 Rf8+
65.Kc7 Rf7+  0-1

[Event "Mar del Plata"]
[Site "Mar del Plata"]
[Date "1982.??.??"]
[Round "?"]
[White "Timman, Jan H"]
[Black "Giardelli, Sergio C"]
[Result "1-0"]
[WhiteElo "2605"]
[BlackElo "2460"]

1.Nf3 c5 2.e4 e6 3.b3 d6 4.Bb2 Nf6 5.Bb5+ Bd7 6.Bxd7+ Nbxd7 7.Qe2 Be7 8.O-O O-O
9.c4 Re8 10.Nc3 Ne5 11.Nxe5 dxe5 12.f4 exf4 13.e5 Nd7 14.Rxf4 Bg5 15.Rf3 f5
16.Nb5 Nf8 17.d4 cxd4 18.Bxd4 Be7 19.Rd1 a6 20.Nd6 Bxd6 21.exd6 e5 22.Bxe5 Nd7
23.Re3 Qb6 24.Bd4 Rxe3 25.Bxe3 Re8 26.Kf2 Nc5 27.Kf3 Re5 28.d7 Qd8 29.Bxc5  1-0

[Event "Mar del Plata"]
[Site "Mar del Plata"]
[Date "1982.??.??"]
[Round "?"]
[White "Polugaevsky, Lev"]
[Black "Larsen, Bent"]
[Result "1/2-1/2"]
[WhiteElo "2625"]
[BlackElo "2555"]

1.d4 Nf6 2.c4 d6 3.Nc3 e5 4.Nf3 Nbd7 5.e4 Be7 6.g3 O-O 7.Bg2 a6 8.O-O b5
9.Qe2 c6 10.c5 Re8 11.Rd1 Qc7 12.cxd6 Bxd6 13.Bg5 exd4 14.Nxd4 h6 15.Bxf6 Nxf6
16.Rac1 Bg4 17.Bf3 Bd7 18.Qd2 Be7 19.e5 Qxe5 20.Nxc6 Bxc6 21.Bxc6 Red8 22.Qe2 Qxe2
23.Nxe2 Rxd1+ 24.Rxd1 Rc8 25.Rc1 Rd8 26.Rc2 g6 27.Bf3 h5 28.Nc3 Rd4 29.Kg2 Kf8
30.Bb7 b4 31.Ne2 Rd6 32.Nc1 a5 33.Nb3 Bd8 34.Nc5 Rd4 35.Nb3 Rd7 36.Bf3 Ng4
37.Rd2 Ne5 38.Rxd7 Nxd7 39.Nd2 Nb6 40.Kf1 f5 41.Ke2 Bf6 42.b3 Bd4 43.Bc6 g5
44.Nf3 Bf6 45.Kd3 Nc8 46.Nd4 Nd6 47.Bg2 Kf7  1/2-1/2

[Event "Mar del Plata"]
[Site "Mar del Plata"]
[Date "1982.??.??"]
[Round "?"]
[White "Portisch, Lajos"]
[Black "Franco Ocampo, Zenon"]
[Result "1-0"]
[WhiteElo "2630"]
[BlackElo "2505"]

1.d4 Nf6 2.c4 e6 3.Nf3 b6 4.e3 Bb7 5.Bd3 d5 6.b3 Bd6 7.O-O O-O 8.Bb2 Nbd7
9.Nc3 a6 10.Rc1 Ne4 11.Ne2 Qf6 12.Ng3 Qh6 13.Ne5 Ndf6 14.Qe2 Qh4 15.cxd5 Bxd5
16.Nxe4 Bxe4 17.Bxe4 Nxe4 18.g3 Qh3 19.f3 Nf6 20.Nc6 Rfe8 21.e4 Nd7 22.f4 f5
23.e5 Bf8 24.a4 b5 25.a5 Qh6 26.Qf3 Qg6 27.Rfd1 Qf7 28.d5 exd5 29.Qxd5 Qxd5
30.Rxd5 Nb8 31.Kf2 Nxc6 32.Rxc6 Red8 33.Rxa6 Rxd5 34.Rxa8 Rd2+ 35.Kf1 Rxb2
36.e6 Rb1+ 37.Ke2 Rb2+ 38.Kd1 Rb1+ 39.Kc2 Re1 40.Re8 g6 41.a6 Kg7 42.a7 Ra1
43.e7 Bxe7 44.Rxe7+ Kf6 45.Rxc7  1-0

[Event "Mar del Plata"]
[Site "Mar del Plata"]
[Date "1982.??.??"]
[Round "?"]
[White "Timman, Jan H"]
[Black "Franco Ocampo, Zenon"]
[Result "1-0"]
[WhiteElo "2605"]
[BlackElo "2505"]

1.d4 Nf6 2.c4 e6 3.Nf3 b6 4.g3 Ba6 5.b3 Bb4+ 6.Bd2 Be7 7.Nc3 Bb7 8.Bg2 O-O
9.O-O c5 10.d5 exd5 11.Ne1 Na6 12.cxd5 d6 13.Nd3 Nc7 14.e4 Nd7 15.f4 Rb8
16.Qc2 Bf6 17.Rad1 Ba6 18.Rfe1 Nb5 19.Nxb5 Bxb5 20.Nf2 Re8 21.Kh1 Bd4 22.Be3 Bxe3
23.Rxe3 Qf6 24.Qd2 Rbc8 25.Ree1 h5 26.Bh3 Rc7 27.Kg1 Qh6 28.e5 dxe5 29.a4 Ba6
30.d6 Rb7 31.Qd5 Nf6 32.Qc6 Rbb8 33.d7 Rf8 34.Qc7  1-0

[Event "Mar del Plata"]
[Site "Mar del Plata"]
[Date "1982.??.??"]
[Round "?"]
[White "Portisch, Lajos"]
[Black "Timman, Jan H"]
[Result "0-1"]
[WhiteElo "2630"]
[BlackElo "2605"]

1.d4 Nf6 2.c4 e6 3.Nc3 Bb4 4.e3 c5 5.Bd3 Nc6 6.Nf3 Bxc3+ 7.bxc3 d6 8.e4 e5
9.h3 h6 10.Be3 b6 11.O-O Qc7 12.d5 Ne7 13.Nh4 g5 14.Qf3 Nfg8 15.Nf5 Nxf5
16.exf5 Nf6 17.g4 Ba6 18.Qd1 e4 19.Qa4+ Kf8 20.Qxa6 exd3 21.Qa4 Re8 22.Rae1 Qb7
23.Qd1 b5 24.Qb1 Re4 25.Qxd3 Rxc4 26.Rd1 Kg7 27.f3 Qe7 28.f4 Re8 29.Bc1 Qe2
30.fxg5 hxg5 31.Qg3 Ne4 32.f6+ Kg6 33.Qg2 Nxc3 34.Rd2 Qxg2+ 35.Kxg2 Ne2  0-1